00477nmm a2200169Ia 4500008004100000020001500041041000800056100002800064245003100092264005100123300001800174490002200192650001900214856005000233942000700283999001700290251105s9999||||xx |||||||||||||||||und|| a8470302728 aspa aConde Abellán, Carmen 0aLa noche oscura del cuerpo a[Madrid, España] :bBiblioteca Nueva, c1980 a128 páginas a--Sin Colección aSpanish poetry uhttps://public.digitaliapublishing.com/a/2561 cCF c73055d73055